Real estate finance and investments (Record no. 103729)
[ view plain ]
| 000 -LEADER | |
|---|---|
| fixed length control field | 01011cam a2200253 4500 |
| 001 - CONTROL NUMBER | |
| control field | ##L127319 |
| 008 - FIXED-LENGTH DATA ELEMENTS--GENERAL INFORMATION | |
| fixed length control field | 040910n2005 000 0 eng u |
| 020 ## - INTERNATIONAL STANDARD BOOK NUMBER | |
| International Standard Book Number | 0071238212 |
| 035 ## - SYSTEM CONTROL NUMBER | |
| System control number | (Sirsi) u127319 |
| 041 0# - LANGUAGE CODE | |
| Language code of text/sound track or separate title | eng |
| 050 04 - LIBRARY OF CONGRESS CALL NUMBER | |
| Classification number | 332.6324 $2 18 |
| 100 1# - MAIN ENTRY--PERSONAL NAME | |
| Personal name | Brueggeman, W. B. |
| 245 00 - TITLE STATEMENT | |
| Title | Real estate finance and investments |
| 250 ## - EDITION STATEMENT | |
| Edition statement | 12th ed |
| 260 ## - PUBLICATION, DISTRIBUTION, ETC. | |
| Place of publication, distribution, etc. | New York |
| Name of publisher, distributor, etc. | McGraw-Hill |
| Date of publication, distribution, etc. | 2005 |
| 300 ## - PHYSICAL DESCRIPTION | |
| Extent | xv, 640p. |
| Dimensions | 26cm. |
| 350 ## - PRICE (NR) (BK AM CF MU VM SE) [OBSOLETE] | |
| Price | 43.99 |
| 520 ## - SUMMARY, ETC. | |
| Summary, etc. | The 12th edition of this American text provides an overview of commercial property practice and the financing of real estate in the United States. New features include internet exercises for students to encourage them to use the information available online and lists of URLs and web resources. |
| 520 ## - SUMMARY, ETC. | |
| Summary, etc. | Accompanied my a CD-ROM (L145169) which is not available for loan. |
| 651 #4 - SUBJECT ADDED ENTRY--GEOGRAPHIC NAME | |
| Geographic name | UNITED STATES |
| 690 ## - LOCAL SUBJECT ADDED ENTRY--TOPICAL TERM (OCLC, RLIN) | |
| Topical term or geographic name as entry element | PROPERTY-COMMERCIAL PROPERTY-COMMERCIAL PROPERTY FINANCE AND INVESTMENT |
| 700 ## - ADDED ENTRY--PERSONAL NAME | |
| Personal name | Fisher, J. D. |
| 942 ## - ADDED ENTRY ELEMENTS (KOHA) | |
| Suppress in OPAC | 0 |
| Withdrawn status | Lost status | Source of classification or shelving scheme | Damaged status | Not for loan | Home library | Current library | Shelving location | Date acquired | Cost, normal purchase price | Total Checkouts | Full call number | Barcode | Date last seen | Date last checked out | Copy number | Cost, replacement price | Price effective from | Koha item type |
|---|---|---|---|---|---|---|---|---|---|---|---|---|---|---|---|---|---|---|
| Dewey Decimal Classification | London | London | Books | 14/03/2005 | 46.99 | 29 | 332.6324 BRU | 30069833 | 21/11/2023 | 02/07/2009 | 1 | 46.99 | 06/08/2019 | Book |